000 00307nam a22001457a 4500
008 230717b ||||| |||| 00| 0 eng d
020 _a9781616690175
041 _aeng
080 _a61
082 _a61HEA
100 _a4
101 _aMJP
245 _aFIRST AID CPR AED
_cHEARTSAVER
942 _2udc
_cBK
999 _c60139
_d60139